Normal view
MARC view
Entry Personal Name
001 - CONTROL NUMBER
- control field: 9428
003 - CONTROL NUMBER IDENTIFIER
- control field: PK-LaUMT
005 - DATE AND TIME OF LATEST TRANSACTION
- control field: 20260223104830.0
008 - FIXED-LENGTH DATA ELEMENTS
- fixed length control field: 260223|| aca||aabn | a|a d
040 ## - CATALOGING SOURCE
- Original cataloging agency: PK-LaUMT
- Transcribing agency: PK-LaUMT
100 ## - HEADING--PERSONAL NAME
- Personal name: Fulk, George D
670 ## - SOURCE DATA FOUND
- Source citation: Work cat.: (PK-LaUMT)139846: Fulk, George D., O'Sullivan & Schmitz's physical rehabilitation /, 2024
